| 000 | 01144nam a22003137a 4500 | ||
|---|---|---|---|
| 001 | 928 | ||
| 005 | 20250310113155.0 | ||
| 020 | _a0399243801 | ||
| 020 | _a9780439020060 | ||
| 040 |
_aDLC _cDLC _dDLC _beng |
||
| 050 | 0 | 0 |
_aPZ7.L83315 _bDri 2006 |
| 082 | 0 | 0 |
_a813.6 _222 |
| 100 | 1 | _aLombard, Jenny. | |
| 245 | 1 | 0 |
_aDrita, my homegirl / _cby Jenny Lombard. |
| 260 |
_aNew York : _bScholastic, _c2006. |
||
| 300 |
_a135 pages ; _c20 cm. |
||
| 505 | _aO | ||
| 520 | _aWhen ten-year-old Drita and her family, refugees from Kosovo, move to New York, Drita is teased about not speaking English well, but after a popular student named Maxine is forced to learn about Kosovo as a punishment for teasing Drita, the two girls soon bond. | ||
| 521 |
_a630
_bLexile |
||
| 521 |
_aO
_bRaz-Plus |
||
| 650 | 1 |
_aRefugees _vFiction. |
|
| 650 | 1 |
_aEmigration and immigration _vFiction. |
|
| 650 | 1 |
_aAlbanian Americans _vFiction. |
|
| 650 | 1 |
_aFamily life _zNew York (State) _zNew York _vFiction. |
|
| 650 | 1 |
_aFriendship _vFiction. |
|
| 650 | 1 |
_aSchools _vFiction. |
|
| 906 |
_a7 _bcbc _corignew _d1 _eecip _f20 _gy-gencatlg |
||
| 942 |
_2ddc _cBK _n0 |
||
| 999 |
_c928 _d928 |
||